[Event "DVM U10 2023"]
[Site "Magdeburg GER"]
[Date "2023.12.28"]
[Round "4"]
[White "Pascual, Noah"]
[Black "Sinner, Lennard"]
[Result "1-0"]
[Termination "normal"]
[Board "16.4"]
[WhiteElo "778"]
[BlackElo "785"]
[WhiteClock "00:27:41"]
[BlackClock "00:30:00"]
[WhiteTeam "SC Ramstein-Miesenbach"]
[BlackTeam "SG Porz"]
[PlyCount "143"]
[EventCountry "GER"]
[EventRounds "7"]
[EventType "team-swiss"]
[EventDate "2023.12.27"]

1. c4 {[%clk 00:55:05]} e5 {[%clk 00:55:03]} {[%emt 00:00:08]} 2. g3 {[%clk
00:55:05]} {[%emt 00:00:01]} Bc5 {[%clk 00:54:58]} {[%emt 00:00:11]} 3. Nc3
{[%clk 00:55:05]} {[%emt 00:00:05]} d6 {[%clk 00:54:52]} {[%emt 00:00:12]} 4.
Bg2 {[%clk 00:54:46]} {[%emt 00:00:24]} Nc6 {[%clk 00:54:38]} {[%emt 00:00:18]}
5. Nf3 {[%clk 00:54:26]} {[%emt 00:00:26]} Bf5 {[%clk 00:54:30]} {[%emt
00:00:12]} 6. a3 {[%clk 00:53:10]} {[%emt 00:01:21]} Be4 {[%clk 00:54:13]}
{[%emt 00:00:22]} 7. b4 {[%clk 00:53:03]} {[%emt 00:00:12]} Bd4 {[%clk
00:53:59]} {[%emt 00:00:19]} 8. O-O {[%clk 00:52:04]} {[%emt 00:01:04]} Bxf3
{[%clk 00:53:34]} {[%emt 00:00:30]} 9. Bxf3 {[%clk 00:51:52]} {[%emt 00:00:16]}
Nf6 {[%clk 00:53:23]} {[%emt 00:00:17]} 10. e3 {[%clk 00:51:32]} {[%emt
00:00:24]} Bxc3 {[%clk 00:52:37]} {[%emt 00:00:25]} 11. dxc3 {[%clk 00:51:32]}
{[%emt 00:00:29]} e4 {[%clk 00:52:23]} {[%emt 00:00:18]} 12. Bg2 {[%clk
00:51:16]} {[%emt 00:00:21]} O-O {[%clk 00:51:50]} {[%emt 00:00:39]} 13. b5
{[%clk 00:50:32]} {[%emt 00:00:49]} Ne5 {[%emt 00:00:35]} 14. Rb1 {[%clk
00:49:55]} {[%emt 00:00:41]} b6 {[%clk 00:51:05]} {[%emt 00:00:20]} 15. a4
{[%clk 00:49:05]} {[%emt 00:00:56]} a5 {[%clk 00:51:00]} {[%emt 00:00:10]} 16.
Ba3 {[%clk 00:48:39]} {[%emt 00:00:31]} Nxc4 {[%clk 00:50:38]} {[%emt
00:00:27]} 17. Rb3 {[%clk 00:46:33]} {[%emt 00:02:10]} Nxa3 {[%clk 00:49:34]}
{[%emt 00:01:10]} 18. Rxa3 {[%clk 00:46:33]} {[%emt 00:00:02]} Rc8 {[%clk
00:49:09]} {[%emt 00:00:29]} 19. Qd4 {[%clk 00:45:53]} {[%emt 00:00:46]} Re8
{[%clk 00:48:28]} {[%emt 00:00:47]} 20. f3 {[%clk 00:44:53]} {[%emt 00:01:05]}
c5 {[%clk 00:47:46]} {[%emt 00:00:46]} 21. bxc6 {[%clk 00:44:49]} {[%emt
00:00:09]} Rxc6 {[%clk 00:47:39]} {[%emt 00:00:13]} 22. Rb3 {[%clk 00:44:00]}
{[%emt 00:00:55]} d5 {[%clk 00:46:15]} {[%emt 00:01:28]} 23. Rfb1 {[%clk
00:40:57]} {[%emt 00:03:07]} Rc4 {[%clk 00:45:11]} {[%emt 00:01:10]} 24. Qxb6
{[%clk 00:40:40]} {[%emt 00:00:22]} Qxb6 {[%clk 00:45:06]} {[%emt 00:00:09]}
25. Rxb6 {[%clk 00:40:14]} {[%emt 00:00:32]} Rxa4 {[%clk 00:44:59]} {[%emt
00:00:12]} 26. Rb8 {[%clk 00:40:09]} {[%emt 00:00:10]} Rf8 {[%clk 00:44:20]}
{[%emt 00:00:43]} 27. Rxf8+ {[%clk 00:39:50]} {[%emt 00:00:24]} Kxf8 {[%clk
00:44:14]} {[%emt 00:00:11]} 28. Rb8+ {[%clk 00:39:35]} {[%emt 00:00:20]} Ke7
{[%clk 00:44:11]} {[%emt 00:00:08]} 29. fxe4 {[%clk 00:38:54]} {[%emt
00:00:46]} dxe4 {[%clk 00:43:57]} {[%emt 00:00:19]} 30. Rb7+ {[%clk 00:38:43]}
{[%emt 00:00:16]} Kd8 {[%emt 00:00:23]} 31. Rxf7 {[%clk 00:38:29]} {[%emt
00:00:17]} Ra1+ {[%clk 00:43:25]} {[%emt 00:00:23]} 32. Bf1 {[%clk 00:38:11]}
{[%emt 00:00:22]} Ra3 {[%clk 00:42:56]} {[%emt 00:00:34]} 33. Rxg7 {[%emt
00:00:15]} Rxc3 {[%emt 00:00:12]} 34. Kf2 {[%clk 00:37:33]} {[%emt 00:00:28]}
Rc2+ {[%clk 00:42:49]} {[%emt 00:00:11]} 35. Be2 {[%clk 00:37:02]} {[%emt
00:00:35]} a4 {[%clk 00:42:39]} {[%emt 00:00:16]} 36. Ke1 {[%clk 00:36:48]}
{[%emt 00:00:18]} a3 {[%clk 00:42:20]} {[%emt 00:00:24]} 37. Ra7 {[%clk
00:36:41]} {[%emt 00:00:10]} Ra2 {[%clk 00:41:56]} {[%emt 00:00:31]} 38. Ra6
{[%clk 00:36:18]} {[%emt 00:00:28]} Ra1+ {[%clk 00:41:36]} {[%emt 00:00:25]}
39. Kd2 {[%clk 00:36:15]} {[%emt 00:00:08]} Nd5 {[%clk 00:41:26]} {[%emt
00:00:15]} 40. Bc4 {[%clk 00:35:50]} {[%emt 00:00:30]} Nb4 {[%clk 00:41:02]}
{[%emt 00:00:28]} 41. Ra4 {[%clk 00:35:03]} {[%emt 00:00:52]} Nd3 {[%clk
00:40:11]} {[%emt 00:00:56]} 42. Bxd3 {[%clk 00:34:57]} {[%emt 00:00:12]} exd3
{[%clk 00:40:04]} {[%emt 00:00:11]} 43. Kxd3 {[%emt 00:00:09]} Rd1+ {[%clk
00:40:04]} {[%emt 00:00:04]} 44. Kc2 {[%clk 00:34:34]} {[%emt 00:00:26]} Rh1
{[%clk 00:39:33]} {[%emt 00:00:36]} 45. h4 {[%clk 00:34:33]} {[%emt 00:00:06]}
Rh2+ {[%clk 00:39:23]} {[%emt 00:00:14]} 46. Kb1 {[%clk 00:34:09]} {[%emt
00:00:31]} Rb2+ {[%clk 00:39:06]} {[%emt 00:00:21]} 47. Ka1 {[%clk 00:34:09]}
{[%emt 00:00:01]} Rb3 {[%clk 00:37:45]} {[%emt 00:01:26]} 48. Ka2 {[%clk
00:34:09]} {[%emt 00:00:04]} Rxe3 {[%clk 00:37:33]} {[%emt 00:00:17]} 49. Rxa3
{[%clk 00:34:09]} {[%emt 00:00:02]} Re2+ {[%clk 00:37:15]} {[%emt 00:00:22]}
50. Kb3 {[%clk 00:34:07]} {[%emt 00:00:07]} Re3+ {[%clk 00:36:59]} {[%emt
00:00:21]} 51. Kb4 {[%clk 00:34:07]} {[%emt 00:00:02]} Re4+ {[%clk 00:36:50]}
{[%emt 00:00:14]} 52. Kc5 {[%clk 00:33:41]} {[%emt 00:00:31]} Re5+ {[%clk
00:36:31]} {[%emt 00:00:23]} 53. Kd4 {[%clk 00:33:41]} {[%emt 00:00:04]} Rb5
{[%clk 00:35:44]} {[%emt 00:00:51]} 54. g4 {[%clk 00:33:26]} {[%emt 00:00:21]}
Rb4+ {[%clk 00:35:42]} {[%emt 00:00:06]} 55. Ke5 {[%clk 00:33:07]} {[%emt
00:00:24]} Rxg4 {[%clk 00:35:36]} {[%emt 00:00:12]} 56. Rd3+ {[%clk 00:32:49]}
{[%emt 00:00:23]} Ke7 {[%clk 00:35:28]} {[%emt 00:00:13]} 57. Rh3 {[%clk
00:32:45]} {[%emt 00:00:09]} Ra4 {[%clk 00:35:09]} {[%emt 00:00:23]} 58. Kf5
{[%clk 00:30:36]} {[%emt 00:02:14]} Ra5+ {[%clk 00:35:03]} {[%emt 00:00:11]}
59. Kg4 {[%clk 00:30:29]} {[%emt 00:00:13]} h5+ {[%clk 00:34:56]} {[%emt
00:00:11]} 60. Kf4 {[%clk 00:30:11]} {[%emt 00:00:49]} Ra4+ {[%clk 00:34:47]}
{[%emt 00:00:45]} 61. Kg5 {[%clk 00:29:46]} {[%emt 00:00:33]} Ra5+ {[%clk
00:34:21]} {[%emt 00:00:31]} 62. Kf4 {[%clk 00:29:09]} {[%emt 00:00:42]} Ra4+
{[%clk 00:33:57]} {[%emt 00:00:29]} 63. Kf5 {[%clk 00:28:52]} {[%emt 00:00:21]}
Kf7 {[%clk 00:33:26]} {[%emt 00:00:36]} 64. Kg5 {[%clk 00:28:40]} {[%emt
00:00:17]} Ra5+ {[%clk 00:32:47]} {[%emt 00:00:45]} 65. Kh6 {[%clk 00:28:18]}
{[%emt 00:00:27]} Kf6 {[%clk 00:32:19]} {[%emt 00:00:33]} 66. Rf3+ {[%clk
00:28:18]} {[%emt 00:00:04]} Ke7 {[%clk 00:32:07]} {[%emt 00:00:17]} 67. Rg3
{[%clk 00:28:05]} {[%emt 00:00:19]} Kf6 {[%clk 00:31:28]} {[%emt 00:00:43]} 68.
Rg6+ {[%clk 00:28:03]} {[%emt 00:00:06]} Kf7 {[%clk 00:31:11]} {[%emt
00:00:23]} 69. Rg5 {[%clk 00:27:43]} {[%emt 00:00:25]} Ra6+ {[%clk 00:30:43]}
{[%emt 00:00:33]} 70. Kxh5 {[%clk 00:27:43]} {[%emt 00:00:05]} Ke6 {[%clk
00:30:22]} {[%emt 00:00:26]} 71. Rg6+ {[%clk 00:27:43]} {[%emt 00:00:02]} Kf5
{[%clk 00:30:00]} {[%emt 00:00:26]} 72. Rxa6 {[%clk 00:27:41]} {[%emt
00:00:06]} 1-0

[Event "DVM U10 2023"]
[Site "Magdeburg GER"]
[Date "2023.12.28"]
[Round "4"]
[White "Balthasar, Johann"]
[Black "Rössling, Johannes"]
[Result "0-1"]
[Termination "normal"]
[Board "17.1"]
[WhiteElo "911"]
[BlackElo "1287"]
[WhiteClock "00:02:35"]
[BlackClock "00:04:36"]
[WhiteTeam "SC Turm Erfurt"]
[BlackTeam "Schachzwerge Magdeburg"]
[PlyCount "166"]
[BlackFideId "34642773"]
[EventCountry "GER"]
[EventRounds "7"]
[EventType "team-swiss"]
[EventDate "2023.12.27"]

1. e4 {[%clk 00:55:08]} e5 {[%clk 00:55:04]} {[%emt 00:00:06]} 2. Nf3 {[%clk
00:55:08]} {[%emt 00:00:06]} Nc6 {[%clk 00:55:02]} {[%emt 00:00:07]} 3. d4
{[%clk 00:55:00]} {[%emt 00:00:13]} exd4 {[%clk 00:54:59]} {[%emt 00:00:09]} 4.
Bc4 {[%clk 00:54:35]} {[%emt 00:00:29]} Nf6 {[%clk 00:51:35]} {[%emt 00:03:29]}
5. O-O {[%clk 00:53:50]} {[%emt 00:00:50]} Be7 {[%clk 00:50:25]} {[%emt
00:01:15]} 6. Bg5 {[%clk 00:52:48]} {[%emt 00:01:07]} O-O {[%clk 00:49:30]}
{[%emt 00:00:59]} 7. Nxd4 {[%clk 00:51:16]} {[%emt 00:01:37]} d6 {[%clk
00:42:05]} {[%emt 00:07:30]} 8. Nxc6 {[%clk 00:50:04]} {[%emt 00:01:16]} bxc6
{[%clk 00:41:41]} {[%emt 00:00:31]} 9. Nc3 {[%clk 00:49:02]} {[%emt 00:01:07]}
Be6 {[%clk 00:40:50]} {[%emt 00:00:53]} 10. Bxe6 {[%clk 00:47:46]} {[%emt
00:01:20]} fxe6 {[%clk 00:40:38]} {[%emt 00:00:20]} 11. Qe2 {[%clk 00:44:48]}
{[%emt 00:03:04]} d5 {[%clk 00:39:28]} {[%emt 00:01:14]} 12. e5 {[%clk
00:42:45]} {[%emt 00:02:08]} Ne4 {[%clk 00:38:07]} {[%emt 00:01:26]} 13. Nxe4
{[%clk 00:41:28]} {[%emt 00:01:22]} Bxg5 {[%clk 00:37:05]} {[%emt 00:01:08]}
14. Qg4 {[%clk 00:39:43]} {[%emt 00:01:48]} Rf4 {[%clk 00:35:44]} {[%emt
00:01:27]} 15. Qxe6+ {[%emt 00:00:29]} Kh8 {[%emt 00:01:34]} 16. Nxg5 {[%clk
00:37:01]} {[%emt 00:00:44]} Qxg5 {[%clk 00:35:31]} {[%emt 00:00:19]} 17. Qxc6
{[%clk 00:35:56]} {[%emt 00:01:06]} Raf8 {[%clk 00:35:06]} {[%emt 00:00:32]}
18. Qc5 {[%clk 00:33:01]} {[%emt 00:03:01]} Rg8 {[%clk 00:34:21]} {[%emt
00:00:51]} 19. Qe3 {[%clk 00:30:45]} {[%emt 00:02:21]} d4 {[%clk 00:29:26]}
{[%emt 00:05:00]} 20. Qa3 {[%clk 00:28:55]} {[%emt 00:01:53]} Rg4 {[%clk
00:24:38]} {[%emt 00:04:54]} 21. g3 {[%clk 00:28:10]} {[%emt 00:00:51]} Qh5
{[%clk 00:23:42]} {[%emt 00:01:01]} 22. h4 {[%clk 00:27:28]} {[%emt 00:00:46]}
Qxh4 {[%clk 00:23:18]} {[%emt 00:00:29]} 23. Qf3 {[%clk 00:21:48]} {[%emt
00:05:45]} Rg5 {[%clk 00:21:40]} {[%emt 00:01:42]} 24. Rad1 {[%clk 00:21:18]}
{[%emt 00:00:37]} Qh3 {[%clk 00:20:15]} {[%emt 00:01:29]} 25. Qh1 {[%clk
00:20:51]} {[%emt 00:00:31]} Qg4 {[%clk 00:20:08]} {[%emt 00:00:13]} 26. Rd3
{[%clk 00:20:06]} {[%emt 00:00:51]} Rh5 {[%clk 00:19:22]} {[%emt 00:00:51]} 27.
Qg2 {[%clk 00:19:21]} {[%emt 00:00:50]} Rf8 {[%clk 00:18:55]} {[%emt 00:00:30]}
28. Ra3 {[%clk 00:19:13]} {[%emt 00:00:14]} h6 {[%clk 00:17:27]} {[%emt
00:01:33]} 29. Rxa7 {[%clk 00:17:33]} {[%emt 00:01:44]} Rh3 {[%clk 00:16:10]}
{[%emt 00:01:24]} 30. Ra8 {[%clk 00:16:02]} {[%emt 00:01:19]} Rxa8 {[%clk
00:15:28]} {[%emt 00:01:04]} 31. Qxa8+ {[%clk 00:15:15]} {[%emt 00:00:34]} Kh7
{[%clk 00:15:31]} {[%emt 00:00:20]} 32. Qg2 {[%clk 00:15:11]} {[%emt 00:00:08]}
Qf5 {[%clk 00:14:39]} {[%emt 00:00:57]} 33. a4 {[%clk 00:14:40]} {[%emt
00:00:37]} Qe6 {[%clk 00:13:55]} {[%emt 00:00:48]} 34. a5 {[%clk 00:14:33]}
{[%emt 00:00:14]} Rh5 {[%clk 00:13:45]} {[%emt 00:00:14]} 35. Qe4+ {[%clk
00:13:40]} {[%emt 00:00:57]} g6 {[%clk 00:13:16]} {[%emt 00:00:35]} 36. Re1
{[%clk 00:12:57]} {[%emt 00:00:49]} Qh3 {[%clk 00:12:55]} {[%emt 00:00:24]} 37.
Qg2 {[%clk 00:12:14]} {[%emt 00:00:48]} Qe6 {[%clk 00:12:33]} {[%emt 00:00:27]}
38. Ra1 {[%clk 00:12:08]} {[%emt 00:00:11]} Qa6 {[%clk 00:11:45]} {[%emt
00:00:52]} 39. f4 {[%clk 00:11:17]} {[%emt 00:00:57]} g5 {[%clk 00:11:07]}
{[%emt 00:00:44]} 40. g4 {[%clk 00:10:46]} {[%emt 00:00:36]} Rh4 {[%clk
00:10:45]} {[%emt 00:00:27]} 41. Qg3 {[%clk 00:10:43]} {[%emt 00:00:08]} Qa7
{[%clk 00:10:12]} {[%emt 00:00:38]} 42. Qf2 {[%clk 00:10:02]} {[%emt 00:00:45]}
Rxg4+ {[%clk 00:10:01]} {[%emt 00:00:17]} 43. Kf1 {[%clk 00:09:26]} {[%emt
00:00:41]} Rxf4 {[%clk 00:09:54]} {[%emt 00:00:13]} 44. Qxf4 {[%clk 00:09:13]}
{[%emt 00:00:09]} gxf4 {[%clk 00:09:57]} {[%emt 00:00:10]} 45. e6 {[%clk
00:08:59]} {[%emt 00:00:19]} c5 {[%clk 00:09:35]} {[%emt 00:00:27]} 46. Re1
{[%clk 00:08:53]} {[%emt 00:00:11]} Qxa5 {[%clk 00:08:17]} {[%emt 00:01:22]}
47. e7 {[%clk 00:08:38]} {[%emt 00:00:21]} Qb5+ {[%clk 00:08:11]} {[%emt
00:00:12]} 48. Kf2 {[%clk 00:08:30]} {[%emt 00:00:10]} Qe8 {[%clk 00:08:13]}
{[%emt 00:00:05]} 49. Kf3 {[%clk 00:08:14]} {[%emt 00:00:21]} h5 {[%clk
00:08:06]} {[%emt 00:00:13]} 50. Kxf4 {[%clk 00:08:03]} {[%emt 00:00:12]} Kg6
{[%clk 00:07:57]} {[%emt 00:00:16]} 51. c3 {[%clk 00:07:59]} {[%emt 00:00:10]}
h4 {[%clk 00:07:23]} {[%emt 00:00:38]} 52. Kg4 {[%clk 00:05:12]} {[%emt
00:02:52]} d3 {[%clk 00:07:15]} {[%emt 00:00:13]} 53. Re6+ {[%clk 00:04:44]}
{[%emt 00:00:33]} Kf7 {[%clk 00:06:51]} {[%emt 00:00:30]} 54. Re1 {[%clk
00:04:15]} {[%emt 00:00:34]} Qxe7 {[%clk 00:06:42]} {[%emt 00:00:14]} 55. Rxe7+
{[%clk 00:03:58]} {[%emt 00:00:13]} Kxe7 {[%clk 00:06:45]} {[%emt 00:00:12]}
56. Kf3 {[%clk 00:03:48]} {[%emt 00:00:15]} h3 {[%clk 00:06:36]} {[%emt
00:00:12]} 57. Ke3 {[%emt 00:00:02]} h2 {[%emt 00:00:05]} 58. Kxd3 h1=Q {[%emt
00:00:23]} 59. Kc4 {[%clk 00:03:16]} {[%emt 00:00:05]} Qe4+ {[%clk 00:06:31]}
{[%emt 00:00:12]} 60. Kxc5 {[%clk 00:03:13]} {[%emt 00:00:04]} Qc2 {[%clk
00:06:32]} {[%emt 00:00:08]} 61. Kc4 {[%clk 00:03:09]} {[%emt 00:00:09]} Qxb2
{[%clk 00:06:34]} {[%emt 00:00:03]} 62. Kd3 {[%clk 00:03:09]} {[%emt 00:00:05]}
Kd6 {[%clk 00:06:15]} {[%emt 00:00:23]} 63. Kc4 {[%clk 00:03:02]} {[%emt
00:00:13]} Kc6 {[%clk 00:06:09]} {[%emt 00:00:11]} 64. Kd3 {[%clk 00:03:04]}
{[%emt 00:00:04]} Kc5 {[%clk 00:06:06]} {[%emt 00:00:07]} 65. c4 {[%clk
00:03:02]} {[%emt 00:00:06]} Qb4 {[%clk 00:05:52]} {[%emt 00:00:19]} 66. Ke3
{[%clk 00:03:03]} {[%emt 00:00:05]} Qxc4 {[%clk 00:05:47]} {[%emt 00:00:10]}
67. Kf3 {[%clk 00:03:02]} {[%emt 00:00:06]} Qd4 {[%clk 00:05:16]} {[%emt
00:00:37]} 68. Ke2 {[%clk 00:03:02]} {[%emt 00:00:33]} Qc3 {[%clk 00:05:06]}
{[%emt 00:00:11]} 69. Kf2 {[%clk 00:03:05]} {[%emt 00:00:03]} Qd3 {[%clk
00:04:59]} {[%emt 00:00:11]} 70. Kg2 {[%clk 00:03:06]} {[%emt 00:00:04]} Qe3
{[%clk 00:05:00]} {[%emt 00:00:03]} 71. Kh2 {[%clk 00:03:08]} {[%emt 00:00:02]}
Qf3 {[%clk 00:05:00]} {[%emt 00:00:06]} 72. Kg1 {[%clk 00:03:04]} {[%emt
00:00:07]} Kd4 {[%clk 00:05:02]} {[%emt 00:00:05]} 73. Kh2 {[%clk 00:03:07]}
{[%emt 00:00:02]} Ke3 {[%clk 00:05:03]} {[%emt 00:00:04]} 74. Kg1 {[%clk
00:03:10]} {[%emt 00:00:02]} Ke2 {[%clk 00:04:58]} {[%emt 00:00:10]} 75. Kh2
{[%emt 00:00:02]} Ke3 {[%emt 00:00:18]} 76. Kg1 {[%clk 00:02:51]} {[%emt
00:00:04]} Kf4 {[%clk 00:05:00]} {[%emt 00:00:03]} 77. Kh2 {[%emt 00:00:03]}
Kg4 {[%emt 00:00:01]} 78. Kg1 {[%clk 00:02:48]} {[%emt 00:00:04]} Kh4 {[%clk
00:04:55]} {[%emt 00:00:11]} 79. Kh2 {[%emt 00:00:03]} Qf2+ {[%emt 00:00:13]}
80. Kh1 {[%clk 00:02:34]} {[%emt 00:00:03]} Qe1+ {[%clk 00:04:47]} {[%emt
00:00:10]} 81. Kg2 {[%clk 00:02:37]} {[%emt 00:00:04]} Kg4 {[%clk 00:04:42]}
{[%emt 00:00:09]} 82. Kh2 {[%clk 00:02:35]} {[%emt 00:00:07]} Kf3 {[%clk
00:04:36]} {[%emt 00:00:12]} 83. Kh3 {[%emt 00:00:09]} Qh1 *

[Event "DVM U10 2023"]
[Site "Magdeburg GER"]
[Date "2023.12.28"]
[Round "4"]
[White "Pflug, Johan"]
[Black "Buff, Hannes"]
[Result "0-1"]
[Termination "normal"]
[Board "17.2"]
[WhiteElo "980"]
[BlackElo "849"]
[WhiteClock "00:35:24"]
[BlackClock "00:33:12"]
[WhiteTeam "Schachzwerge Magdeburg"]
[BlackTeam "SC Turm Erfurt"]
[PlyCount "122"]
[EventCountry "GER"]
[EventRounds "7"]
[EventType "team-swiss"]
[EventDate "2023.12.27"]

1. e4 {[%clk 00:55:07]} {[%emt 00:00:01]} c5 {[%clk 00:55:03]} {[%emt
00:00:07]} 2. Nf3 {[%clk 00:55:09]} {[%emt 00:00:04]} d6 {[%clk 00:55:00]}
{[%emt 00:00:08]} 3. Nc3 {[%clk 00:55:03]} {[%emt 00:00:11]} Nf6 {[%clk
00:54:57]} {[%emt 00:00:08]} 4. d4 {[%clk 00:54:54]} {[%emt 00:00:14]} cxd4
{[%clk 00:54:51]} {[%emt 00:00:11]} 5. Nxd4 {[%emt 00:00:14]} g6 {[%clk
00:54:34]} {[%emt 00:00:20]} 6. Bb5+ {[%clk 00:54:39]} {[%emt 00:00:13]} Bd7
{[%clk 00:54:27]} {[%emt 00:00:11]} 7. O-O {[%clk 00:54:25]} {[%emt 00:00:20]}
Bxb5 {[%clk 00:54:26]} {[%emt 00:00:06]} 8. Ndxb5 {[%clk 00:54:22]} {[%emt
00:00:08]} a6 {[%clk 00:54:14]} {[%emt 00:00:18]} 9. Nd4 {[%clk 00:54:16]}
{[%emt 00:00:10]} Bg7 {[%clk 00:53:41]} {[%emt 00:00:38]} 10. Be3 {[%clk
00:53:51]} {[%emt 00:00:30]} O-O {[%clk 00:53:37]} {[%emt 00:00:09]} 11. Qd2
{[%clk 00:53:51]} {[%emt 00:00:04]} Ng4 {[%clk 00:53:22]} {[%emt 00:00:20]} 12.
Rfe1 {[%clk 00:53:29]} {[%emt 00:00:26]} Nxe3 {[%clk 00:53:17]} {[%emt
00:00:11]} 13. Qxe3 {[%clk 00:53:09]} {[%emt 00:00:26]} Nc6 {[%clk 00:53:04]}
{[%emt 00:00:18]} 14. Nf3 {[%clk 00:52:17]} {[%emt 00:00:56]} b5 {[%clk
00:52:44]} {[%emt 00:00:25]} 15. Ng5 {[%clk 00:51:46]} {[%emt 00:00:36]} Bh6
{[%clk 00:52:31]} {[%emt 00:00:18]} 16. Qg3 {[%clk 00:50:24]} {[%emt 00:01:27]}
e6 {[%clk 00:52:14]} {[%emt 00:00:23]} 17. Nf3 {[%clk 00:50:00]} {[%emt
00:00:29]} Bg7 {[%clk 00:51:47]} {[%emt 00:00:31]} 18. Rad1 {[%clk 00:48:26]}
{[%emt 00:01:40]} Ne5 {[%clk 00:49:48]} {[%emt 00:02:04]} 19. Nxe5 {[%clk
00:47:57]} {[%emt 00:00:33]} Bxe5 {[%clk 00:49:29]} {[%emt 00:00:23]} 20. f4
{[%clk 00:47:46]} {[%emt 00:00:17]} Qb6+ {[%clk 00:48:49]} {[%emt 00:00:46]}
21. Kh1 {[%clk 00:47:20]} {[%emt 00:00:29]} Bg7 {[%clk 00:48:29]} {[%emt
00:00:26]} 22. Qe3 {[%clk 00:46:32]} {[%emt 00:00:52]} Qxe3 {[%clk 00:47:56]}
{[%emt 00:00:39]} 23. Rxe3 {[%clk 00:45:56]} {[%emt 00:00:41]} Rfd8 {[%clk
00:47:24]} {[%emt 00:00:37]} 24. e5 {[%clk 00:45:12]} {[%emt 00:00:51]} dxe5
{[%clk 00:47:11]} {[%emt 00:00:17]} 25. Rxd8+ {[%clk 00:44:21]} {[%emt
00:00:55]} Rxd8 {[%clk 00:47:01]} {[%emt 00:00:14]} 26. fxe5 {[%clk 00:44:24]}
{[%emt 00:00:04]} b4 {[%clk 00:46:29]} {[%emt 00:00:37]} 27. Ne2 {[%clk
00:44:10]} {[%emt 00:00:18]} Rd1+ {[%clk 00:46:14]} {[%emt 00:00:21]} 28. Ng1
{[%clk 00:44:09]} {[%emt 00:00:06]} Bh6 {[%clk 00:45:45]} {[%emt 00:00:33]} 29.
Rd3 {[%clk 00:43:56]} {[%emt 00:00:19]} Rc1 {[%clk 00:44:58]} {[%emt 00:00:51]}
30. c3 {[%clk 00:43:28]} {[%emt 00:00:34]} bxc3 {[%clk 00:44:47]} {[%emt
00:00:16]} 31. Rxc3 {[%clk 00:43:21]} {[%emt 00:00:12]} Re1 {[%clk 00:44:21]}
{[%emt 00:00:30]} 32. h4 {[%clk 00:41:37]} {[%emt 00:01:49]} Bg7 {[%clk
00:44:11]} {[%emt 00:00:16]} 33. Kh2 {[%clk 00:41:15]} {[%emt 00:00:27]} Bxe5+
{[%clk 00:44:07]} {[%emt 00:00:08]} 34. g3 {[%clk 00:41:06]} {[%emt 00:00:15]}
Bxc3 {[%clk 00:43:55]} {[%emt 00:00:18]} 35. bxc3 {[%clk 00:41:06]} {[%emt
00:00:05]} Ra1 {[%clk 00:43:33]} {[%emt 00:00:26]} 36. Nf3 {[%clk 00:41:02]}
{[%emt 00:00:09]} Rxa2+ {[%clk 00:43:25]} {[%emt 00:00:13]} 37. Kh3 {[%clk
00:41:03]} {[%emt 00:00:04]} Rc2 {[%clk 00:43:02]} {[%emt 00:00:27]} 38. Nd4
{[%clk 00:38:27]} {[%emt 00:02:42]} Rxc3 {[%clk 00:42:56]} {[%emt 00:00:10]}
39. Ne2 {[%clk 00:38:26]} {[%emt 00:00:08]} Rc7 {[%clk 00:42:39]} {[%emt
00:00:21]} 40. Nd4 {[%clk 00:38:21]} {[%emt 00:00:10]} Ra7 {[%clk 00:42:24]}
{[%emt 00:00:21]} 41. Nc6 {[%clk 00:37:11]} {[%emt 00:01:14]} Ra8 {[%clk
00:42:03]} {[%emt 00:00:26]} 42. Kg4 {[%clk 00:36:01]} {[%emt 00:01:16]} a5
{[%clk 00:41:35]} {[%emt 00:00:32]} 43. Nxa5 {[%clk 00:35:50]} {[%emt
00:00:16]} Rxa5 {[%clk 00:41:30]} {[%emt 00:00:09]} 44. Kf4 {[%clk 00:35:46]}
{[%emt 00:00:10]} Kg7 {[%clk 00:40:18]} {[%emt 00:01:17]} 45. g4 {[%clk
00:35:44]} {[%emt 00:00:07]} f5 {[%clk 00:39:51]} {[%emt 00:00:32]} 46. g5
{[%clk 00:35:36]} {[%emt 00:00:13]} h6 {[%clk 00:39:22]} {[%emt 00:00:34]} 47.
gxh6+ {[%clk 00:35:32]} {[%emt 00:00:09]} Kxh6 {[%clk 00:39:21]} {[%emt
00:00:05]} 48. h5 {[%clk 00:35:33]} {[%emt 00:00:05]} gxh5 {[%clk 00:39:04]}
{[%emt 00:00:21]} 49. Kg3 {[%clk 00:35:35]} {[%emt 00:00:04]} e5 {[%clk
00:38:58]} {[%emt 00:00:11]} 50. Kf3 {[%clk 00:35:36]} {[%emt 00:00:04]} e4+
{[%clk 00:38:47]} {[%emt 00:00:16]} 51. Kf4 {[%clk 00:35:36]} {[%emt 00:00:04]}
h4 {[%clk 00:37:54]} {[%emt 00:00:59]} 52. Ke3 {[%clk 00:35:35]} {[%emt
00:00:07]} h3 {[%clk 00:37:48]} {[%emt 00:00:10]} 53. Kf2 {[%clk 00:35:37]}
{[%emt 00:00:03]} h2 {[%clk 00:37:44]} {[%emt 00:00:09]} 54. Kg2 {[%clk
00:35:39]} {[%emt 00:00:03]} Ra2+ {[%clk 00:37:31]} {[%emt 00:00:17]} 55. Kg3
{[%clk 00:35:39]} {[%emt 00:00:06]} h1=Q {[%clk 00:36:59]} {[%emt 00:00:37]}
56. Kf4 {[%clk 00:35:40]} {[%emt 00:00:05]} Qf3+ {[%clk 00:36:21]} {[%emt
00:00:41]} 57. Ke5 {[%clk 00:35:38]} {[%emt 00:00:08]} Ra5+ {[%clk 00:35:36]}
{[%emt 00:00:49]} 58. Ke6 {[%clk 00:35:37]} {[%emt 00:00:06]} Qb3+ {[%clk
00:35:21]} {[%emt 00:00:20]} 59. Kd6 {[%clk 00:35:36]} {[%emt 00:00:08]} Qd5+
{[%clk 00:34:53]} {[%emt 00:00:32]} 60. Ke7 {[%clk 00:35:31]} {[%emt 00:00:10]}
Ra7+ {[%clk 00:33:21]} {[%emt 00:01:37]} 61. Kf8 {[%clk 00:35:24]} {[%emt
00:00:12]} Qd8# {[%clk 00:33:12]} {[%emt 00:00:08]} 0-1